000 00696nam a2200229Ia 4500
005 20250508165916.0
008 008 250505s9999 xx 000 0 eng d
020 _a81-7606-049-6
037 _aTextual
040 _aFEDL
_beng
_cFEDL
041 _aeng
_2eng
084 _a305.8, PAS
_qFEDL
100 _aPaswan Sanjay Ed.
_9782380
245 0 _aEncyclopaedia of dalits in India. Vol. 10
260 _aDelhi, India
_bKalpaz Publications
_c2002
300 _a395p.
490 _vV. 10
546 _aGifted by H.O.D. Namita Ranganathan in memory of Prof. Arvind Gaysu
700 _a Jaideva Pramanshi Ed.
_9782381
942 _cTEXL
_h305.8, PAS
999 _c1398129
_d1398129